| 000 | 01238cam a2200361 a 4500 | ||
|---|---|---|---|
| 001 | 3058 | ||
| 003 | BD-DhEWU | ||
| 005 | 20160405020002.0 | ||
| 008 | 010607s1993 enka g 000 0 eng d | ||
| 020 | _a019431359X | ||
| 020 | _a9780194313599 | ||
| 020 | _a0194313581 (with answers) | ||
| 020 | _a9780194313582 | ||
| 035 | _a(OCLC)30810786 | ||
| 040 |
_aBD-DhEWU _beng _cBD-DhEWU |
||
| 041 | _aeng | ||
| 082 | 0 | 4 |
_a425 _bDEE 1993 |
| 092 | _aD0502655916 | ||
| 100 | 1 |
_aDean, Michael, _d1949- _96602 |
|
| 245 | 1 | 0 |
_aEnglish grammar lessons : _bupper-intermediate / _cMichael Dean |
| 260 |
_aOxford : _bOxford University Press, _cc1993 |
||
| 300 |
_a160 p : _bill ; _c26 cm |
||
| 500 | _aThis book without answers | ||
| 526 | _aEnglish | ||
| 590 | _aSagar Shahanawaz | ||
| 650 | 0 |
_aEnglish language _vTextbooks for foreign speakers _96603 |
|
| 856 |
_3WorldCat details _uhttp://www.worldcat.org/title/english-grammar-lessons-upper-intermediate/oclc/30810786&referer=brief_results |
||
| 942 |
_2ddc _cTEXT _07 |
||
| 999 |
_c3058 _d3058 |
||